[Event "La Pobla de Lillet op"]
[Site "La Pobla de Lillet ESP"]
[Date "2009.??.??"]
[Round "9.2"]
[White "Martinez Duany, LS."]
[Black "Guramishvili, S."]
[Result "1-0"]
[WhiteElo "2507"]
[BlackElo "2339"]
[PlyCount "86"]
[EventDate "2009.08.02"]
[EventType "swiss"]
[EventRounds "9"]
[EventCountry "ESP"]
[SourceTitle "Ajedrez en Madrid"]
[Source "lmi"]
[SourceDate "2020.06.24"]
[SourceVersion "1"]
[SourceVersionDate "2020.06.25"]
[SourceQuality "1"]

1. e4 c5 2. Nf3 d6 3. d4 cxd4 4. Nxd4 Nf6 5. Nc3 a6 6. Be2 e5 7. Nb3 Be7 8. O-O
O-O 9. Be3 Be6 10. Qd2 Nbd7 11. a4 Qc7 12. Rfd1 Nb6 13. a5 Nc4 14. Bxc4 Qxc4
15. f3 Rac8 16. Nc1 h6 17. Nd3 Bd7 18. Ra3 Bd8 19. Nf2 Re8 20. h3 Re6 21. Ng4
Nxg4 22. hxg4 Rg6 23. Qd5 Qc6 24. Qxc6 Bxc6 25. Rd2 Re6 26. Na2 Bb5 27. Nb4 Re8
28. b3 Bc6 29. c4 Be7 30. Ra1 g6 31. Rd3 Kg7 32. Kf2 Rh8 33. Rh1 Bd8 34. Bb6
Be7 35. Nc2 Bd7 36. Ne3 Be6 37. Nd5 Bxd5 38. Rxd5 Kf6 39. f4 Ke6 40. f5+ Kf6
41. Be3 g5 42. Kf3 Kg7 43. Bc1 Rc5 1-0

[Event "La Pobla de Lillet op"]
[Site "La Pobla de Lillet ESP"]
[Date "2009.??.??"]
[Round "9.3"]
[White "Matnadze, A."]
[Black "Mirzoev, A."]
[Result "0-1"]
[WhiteElo "2413"]
[BlackElo "2559"]
[PlyCount "74"]
[EventDate "2009.08.02"]
[EventType "swiss"]
[EventRounds "9"]
[EventCountry "ESP"]
[SourceTitle "Ajedrez en Madrid"]
[Source "lmi"]
[SourceDate "2020.06.24"]
[SourceVersion "1"]
[SourceVersionDate "2020.06.25"]
[SourceQuality "1"]

1. d4 c5 2. d5 g6 3. e4 d6 4. c4 Bg7 5. Nc3 Nf6 6. f4 O-O 7. Nf3 e6 8. Bd3 exd5
9. cxd5 b5 10. e5 dxe5 11. fxe5 Ng4 12. Be4 b4 13. Ne2 Nxe5 14. d6 Nbc6 15. h4
Nxf3+ 16. gxf3 Bb7 17. Bg5 Qd7 18. Qd5 Bxb2 19. Rd1 Rfe8 20. Qxc5 Rac8 21. Qe3
Ne5 22. Be7 Bxe4 23. fxe4 Nc6 24. Qh3 Ne5 25. Qg3 h5 26. O-O Rxe7 27. dxe7 Qxe7
28. Nf4 Ng4 29. Ng2 Be5 30. Qf3 Rc3 31. Rd3 Rxd3 32. Qxd3 Qc5+ 33. Kh1 Nf2+ 34.
Rxf2 Qxf2 35. Qc4 Kg7 36. Qb5 Qg3 37. Kg1 Bd4+ 0-1

[Event "La Pobla de Lillet op"]
[Site "La Pobla de Lillet ESP"]
[Date "2009.??.??"]
[Round "9.4"]
[White "Barsov, A."]
[Black "Ayza Leon, D."]
[Result "1-0"]
[WhiteElo "2511"]
[BlackElo "2216"]
[PlyCount "67"]
[EventDate "2009.08.02"]
[EventType "swiss"]
[EventRounds "9"]
[EventCountry "ESP"]
[SourceTitle "Ajedrez en Madrid"]
[Source "lmi"]
[SourceDate "2020.06.24"]
[SourceVersion "1"]
[SourceVersionDate "2020.06.25"]
[SourceQuality "1"]

1. d4 Nf6 2. Nf3 d6 3. c4 g6 4. g3 Bg7 5. Bg2 O-O 6. O-O Nbd7 7. Nc3 e5 8. h3
h6 9. e4 Kh7 10. Be3 Qe7 11. Re1 a5 12. Qc2 Re8 13. Rad1 c6 14. b3 Rb8 15. a4
b6 16. Bc1 Ba6 17. Ba3 c5 18. dxe5 dxe5 19. Nd5 Nxd5 20. cxd5 Red8 21. Qc3 Kh8
22. Bf1 Bxf1 23. Kxf1 f5 24. Bb2 Rb7 25. Nh4 Qf7 26. exf5 gxf5 27. f4 Rf8 28.
fxe5 Nxe5 29. Rxe5 Bxe5 30. Qxe5+ Kh7 31. Qe6 Qxe6 32. dxe6 Re8 33. Rd6 Rbe7
34. Nxf5 1-0

[Event "La Pobla de Lillet op"]
[Site "La Pobla de Lillet ESP"]
[Date "2009.??.??"]
[Round "9.5"]
[White "Guerra Bastida, D."]
[Black "Perez Campos, A."]
[Result "1/2-1/2"]
[WhiteElo "2419"]
[BlackElo "2215"]
[PlyCount "108"]
[EventDate "2009.08.02"]
[EventType "swiss"]
[EventRounds "9"]
[EventCountry "ESP"]
[SourceTitle "Ajedrez en Madrid"]
[Source "lmi"]
[SourceDate "2020.06.24"]
[SourceVersion "1"]
[SourceVersionDate "2020.06.25"]
[SourceQuality "1"]

1. e4 c5 2. Nf3 d6 3. d4 cxd4 4. Nxd4 Nf6 5. Nc3 a6 6. Bc4 e6 7. Bb3 Nbd7 8.
Bg5 Nc5 9. Bxf6 Qxf6 10. O-O Be7 11. f4 O-O 12. f5 Qh6 13. fxe6 fxe6 14. Nf5
Qg5 15. Nxe7+ Qxe7 16. Rxf8+ Qxf8 17. Qd4 Bd7 18. Rd1 Rd8 19. Qxd6 Qxd6 20.
Rxd6 Kf8 21. e5 Ke7 22. Bc4 Bc6 23. b4 Ne4 24. Nxe4 Bxe4 25. Rxe6+ Kf8 26. Rd6
Re8 27. Rd2 Rxe5 28. Re2 Re7 29. Bd3 Bc6 30. Rxe7 Kxe7 31. Kf2 h5 32. h4 Kf6
33. Kg3 g5 34. hxg5+ Kxg5 35. c3 h4+ 36. Kf2 Kf4 37. a3 b5 38. c4 bxc4 39. Bxc4
Bb7 40. a4 Ke4 41. b5 axb5 42. Bxb5 Kd4 43. a5 Kc5 44. a6 Be4 45. Bd7 Kb6 46.
Bc8 Bc6 47. Kg1 Bb5 48. Kf2 Bc4 49. Bb7 Bb5 50. Ke3 Bf1 51. Kf3 Ka7 52. Bc8 Kb6
53. Kf2 Bc4 54. Kg1 Bb5 1/2-1/2

[Event "La Pobla de Lillet op"]
[Site "La Pobla de Lillet ESP"]
[Date "2009.??.??"]
[Round "9.6"]
[White "Oms Fuentes, L."]
[Black "Tarrago Antoni, M."]
[Result "1-0"]
[WhiteElo "2351"]
[BlackElo "2255"]
[PlyCount "77"]
[EventDate "2009.08.02"]
[EventType "swiss"]
[EventRounds "9"]
[EventCountry "ESP"]
[SourceTitle "Ajedrez en Madrid"]
[Source "lmi"]
[SourceDate "2020.06.24"]
[SourceVersion "1"]
[SourceVersionDate "2020.06.25"]
[SourceQuality "1"]

1. e4 c5 2. Nf3 Nc6 3. d4 cxd4 4. Nxd4 Nf6 5. Nc3 e5 6. Ndb5 d6 7. Bg5 a6 8.
Na3 b5 9. Bxf6 gxf6 10. Nd5 Bg7 11. g3 Ne7 12. Nxe7 Qxe7 13. Bg2 O-O 14. O-O
Rb8 15. Qh5 f5 16. exf5 e4 17. Rae1 d5 18. c3 Qe5 19. g4 Qf4 20. Nc2 Rb6 21.
Qh4 Bxf5 22. Ne3 Be6 23. f3 Qh6 24. Qxh6 Bxh6 25. f4 f6 26. Rd1 b4 27. Nxd5
Bxd5 28. Rxd5 bxc3 29. bxc3 Re8 30. Rd2 Bf8 31. Re2 Bc5+ 32. Kh1 e3 33. Bd5+
Kg7 34. Kg2 Reb8 35. Kf3 Rb1 36. Rxb1 Rxb1 37. Ke4 Kg6 38. Bc4 a5 39. Kd5 1-0

[Event "La Pobla de Lillet op"]
[Site "La Pobla de Lillet ESP"]
[Date "2009.??.??"]
[Round "9.7"]
[White "Gallart Zafra, J."]
[Black "Douriet Duany, A."]
[Result "0-1"]
[WhiteElo "2161"]
[BlackElo "2306"]
[PlyCount "66"]
[EventDate "2009.08.02"]
[EventType "swiss"]
[EventRounds "9"]
[EventCountry "ESP"]
[SourceTitle "Ajedrez en Madrid"]
[Source "lmi"]
[SourceDate "2020.06.24"]
[SourceVersion "1"]
[SourceVersionDate "2020.06.25"]
[SourceQuality "1"]

1. e4 g6 2. d4 Bg7 3. Nc3 d6 4. Be3 c6 5. Qd2 b5 6. a4 b4 7. Nd1 a5 8. f3 Ba6
9. Bd3 Bxd3 10. cxd3 Nd7 11. Ne2 Rc8 12. Rc1 Ngf6 13. O-O O-O 14. b3 e5 15.
dxe5 dxe5 16. d4 exd4 17. Nxd4 c5 18. Nb5 c4 19. bxc4 Nc5 20. Qxd8 Rfxd8 21.
Bxc5 Rxc5 22. Ne3 Bh6 23. Rfe1 Rd2 24. Nd5 Rdxd5 25. exd5 Bxc1 26. Rxc1 Nxd5
27. Kf2 Nb6 28. Nd6 Rc6 29. c5 Nxa4 30. Nb7 b3 31. Ke3 b2 32. Rb1 Rc7 33. Nxa5
Rxc5 0-1

[Event "La Pobla de Lillet op"]
[Site "La Pobla de Lillet ESP"]
[Date "2009.??.??"]
[Round "9.8"]
[White "Corrigüelas Armillas, F."]
[Black "Ayza Ballester, J."]
[Result "0-1"]
[WhiteElo "2000"]
[BlackElo "2294"]
[PlyCount "80"]
[EventDate "2009.08.02"]
[EventType "swiss"]
[EventRounds "9"]
[EventCountry "ESP"]
[SourceTitle "Ajedrez en Madrid"]
[Source "lmi"]
[SourceDate "2020.06.24"]
[SourceVersion "1"]
[SourceVersionDate "2020.06.25"]
[SourceQuality "1"]

1. e4 c5 2. Nf3 e6 3. c4 a6 4. d4 cxd4 5. Nxd4 Nf6 6. Nc3 Qc7 7. Bd3 Be7 8. O-O
d6 9. Qe2 Nbd7 10. Nb3 b6 11. f4 Bb7 12. Kh1 Rc8 13. Be3 O-O 14. Rac1 Qb8 15.
Rfd1 Rfe8 16. Rf1 Bf8 17. Rcd1 g6 18. Bc1 Bg7 19. Rde1 Qa8 20. Kg1 Nc5 21. Nxc5
bxc5 22. e5 dxe5 23. fxe5 Nd7 24. Bf4 Qb8 25. Bg3 Rf8 26. b3 Qc7 27. Be4 Rcd8
28. Rd1 Bxe5 29. Bxe5 Qxe5 30. Bxb7 Qxc3 31. Bxa6 Ne5 32. Bb5 Nd3 33. Qe3 Rd4
34. Rd2 Rfd8 35. Rfd1 R8d6 36. Qf3 Rf4 37. Qg3 Qd4+ 38. Kh1 Nf2+ 39. Kg1 Nh3+
40. Kh1 Qxd2 0-1

[Event "La Pobla de Lillet op"]
[Site "La Pobla de Lillet ESP"]
[Date "2009.??.??"]
[Round "9.10"]
[White "Chalmeta Ugas, R."]
[Black "Pascual Genoves, M."]
[Result "1/2-1/2"]
[WhiteElo "2222"]
[BlackElo "2227"]
[PlyCount "79"]
[EventDate "2009.08.02"]
[EventType "swiss"]
[EventRounds "9"]
[EventCountry "ESP"]
[SourceTitle "Ajedrez en Madrid"]
[Source "lmi"]
[SourceDate "2020.06.24"]
[SourceVersion "1"]
[SourceVersionDate "2020.06.25"]
[SourceQuality "1"]

1. e4 d6 2. d4 Nf6 3. f3 c5 4. dxc5 Qa5+ 5. Nc3 Qxc5 6. Bb5+ Bd7 7. Bxd7+ Nbxd7
8. Qe2 a6 9. Be3 Qa5 10. O-O-O Rc8 11. Kb1 e6 12. Bd2 Qc7 13. g4 Ne5 14. Qf2
Nc4 15. Bc1 b5 16. Ka1 Be7 17. g5 Nd7 18. Nge2 b4 19. Nb1 O-O 20. h4 a5 21. c3
Nc5 22. h5 bxc3 23. Nbxc3 a4 24. Nd4 a3 25. b3 Nb2 26. Bxb2 axb2+ 27. Qxb2
Nxb3+ 28. axb3 Qxc3 29. Qxc3 Rxc3 30. Kb2 Re3 31. Rhg1 Rb8 32. Kc2 Rc8+ 33. Kd2
Rcc3 34. g6 hxg6 35. hxg6 Red3+ 36. Ke2 Rxd1 37. Rxd1 Bf6 38. gxf7+ Kxf7 39.
Nb5 Rxb3 40. Nxd6+ 1/2-1/2

[Event "La Pobla de Lillet op"]
[Site "La Pobla de Lillet ESP"]
[Date "2009.08.10"]
[Round "9.12"]
[White "Goldschmidt, A."]
[Black "Capellades Subirana, M."]
[Result "0-1"]
[WhiteElo "1965"]
[BlackElo "2210"]
[PlyCount "35"]
[EventDate "2009.08.02"]
[EventType "swiss"]
[EventRounds "9"]
[EventCountry "ESP"]
[SourceTitle "Ajedrez en Madrid"]
[Source "lmi"]
[SourceDate "2020.06.24"]
[SourceVersion "1"]
[SourceVersionDate "2020.06.25"]
[SourceQuality "1"]

1. e4 e5 2. Nf3 Nc6 3. Bc4 Bc5 4. c3 Nf6 5. d3 d6 6. b4 Bb6 7. a4 a6 8. Qb3 O-O
9. h3 Ne7 10. a5 Ba7 11. Bg5 Ng6 12. Na3 h6 13. Be3 c6 14. Bxa7 Rxa7 15. Qc2
Nf4 16. g3 Nxh3 17. O-O-O Bg4 18. Nh4 0-1

[Event "La Pobla de Lillet op"]
[Site "La Pobla de Lillet ESP"]
[Date "2009.08.10"]
[Round "9.15"]
[White "Duran Burniol, J."]
[Black "Garcia Galeote, L."]
[Result "1/2-1/2"]
[WhiteElo "1959"]
[BlackElo "2081"]
[PlyCount "36"]
[EventDate "2009.08.02"]
[EventType "swiss"]
[EventRounds "9"]
[EventCountry "ESP"]
[SourceTitle "Ajedrez en Madrid"]
[Source "lmi"]
[SourceDate "2020.06.24"]
[SourceVersion "1"]
[SourceVersionDate "2020.06.25"]
[SourceQuality "1"]

1. f4 d6 2. Nf3 g6 3. e3 Bg7 4. Be2 Nf6 5. O-O O-O 6. Nc3 b6 7. b3 Bb7 8. Bb2
Nbd7 9. Qe1 c5 10. Qh4 e6 11. g4 Ne4 12. Qxd8 Raxd8 13. Nxe4 Bxe4 14. Bxg7 Kxg7
15. d3 Bb7 16. Nd2 f5 17. g5 Rh8 18. Bf3 Bxf3 1/2-1/2